Ciencias sociales 7 /
Guardado en:
| Autor Principal: | |
|---|---|
| Otros Autores: | , , |
| Formato: | Libro |
| Publicado: |
Buenos Aires :
Santillana ,
2002
|
| Series: | Santillana Hoy
|
| Materias: | |
| Etiquetas: |
Agregar Etiqueta
Sin Etiquetas, Sea el primero en etiquetar este registro!
|
| LEADER | 01536nam a22002775a 4500 | ||
|---|---|---|---|
| 001 | CEM.cems011167 | ||
| 008 | 130507s2002##################000#0#####d | ||
| 005 | 20220929194617.0 | ||
| 245 | 1 | 0 | |a Ciencias sociales 7 / |c Patricia M. Acha ... [et Al.] |
| 260 | |a Buenos Aires : |b Santillana , |c 2002 | ||
| 300 | |a 192 p. | ||
| 490 | 0 | |a Santillana Hoy | |
| 500 | |a Para 7°año Egb | ||
| 505 | 0 | |a Para ubicar lugares -- La representación de la superficie terrestre -- Entre el mar y la tierra -- Climas diversos, vida variada -- Mucha agua en un planeta llamado Tierra -- La población del mundo -- Las ciudades -- Los países del mundo -- Las actividades económicas -- Heredar el pasado, construir el presente -- Los primeros tiempos de la humanidad -- Las primeras civilizaciones -- Grecia: cuna de la cultura occidental -- Roma: un imperio en el Mediterráneo -- Los comienzos de la Edad Media: otras culturas asoman al Mediterráneo -- La sociedad feudal -- La sociedad y su organización -- Nuestros derechos y responsabilidades -- La cultura y los valores | |
| 020 | |a 9504612482 | ||
| 100 | 1 | |a Acha, Patricia M. | |
| 700 | 1 | |a Barraza, Natalia Alfonsina | |
| 700 | 1 | |a Domínguez de Abdo, María Andrea | |
| 700 | 1 | |a Ippolito, Mónica L. | |
| 082 | 0 | 4 | |a Z302 |
| 653 | |a Ciencias sociales-7º egb | ||
| 653 | |a Geografía | ||
| 653 | |a Historia | ||
| 653 | |a Formación ética y ciudadana | ||
| 859 | |a CEMS |b BIB. CEMS - Agricultura |h 302 |i Ach41 |p A3420.21 |t Ej.1 | ||
| 859 | |a CEMS |b BIB. CEMS - 11 de abril |h Z302 |i Ach41 |p 22036.03 |t Ej.1 |v 7º |3 7º | ||
